000 00367nam a2200145Ia 4500
008 100415s9999 xx 000 0 und d
082 _b15676
_a581
100 _aAnitia KK
245 _aA New Course in Botany
260 _aBOMBAY
_c1979
_bSHETH PUBLISHERS
365 _b0
630 _aA New Course in Botany
730 _aA New Course in Botany
942 _cBOOK
999 _c598574
_d598571